00441nam a22001577a 450000500170000001000150001702000270003203500140005903700130007308200080008610000210009424500630011526000370017827000480021530000200026320230314161407.0 aENG-136377 c350.00 a9789394899421 aEN-119909 bDBAD/PUB a004 aM Mohamed Sithik aDeployment of wireless sensor networks/cM. Mohamed at all aTamil NadubShanlax Publications bTamil NaduaVasantha Nagar, Maduraie625003 a198p.c22cm(pb)